Hardware and Software of Personal Computers (Record no. 1008)
[ view plain ]
| 000 -LEADER | |
|---|---|
| fixed length control field | 00356nam a2200133Ia 4500 |
| 008 - FIXED-LENGTH DATA ELEMENTS--GENERAL INFORMATION | |
| fixed length control field | 191201s2001 xx 000 0 und d |
| 082 ## - DEWEY DECIMAL CLASSIFICATION NUMBER | |
| Classification number | 006.62 |
| Item number | BOH |
| 100 ## - MAIN ENTRY--PERSONAL NAME | |
| Personal name | BOSE, Sanjay |
| 245 #0 - TITLE STATEMENT | |
| Title | Hardware and Software of Personal Computers |
| 260 ## - PUBLICATION, DISTRIBUTION, ETC. (IMPRINT) | |
| Place of publication, distribution, etc | N.Delhi |
| Name of publisher, distributor, etc | New Age International (P) ltd |
| Date of publication, distribution, etc | 2001 |
| 300 ## - PHYSICAL DESCRIPTION | |
| Extent | 259 |
| 650 ## - SUBJECT ADDED ENTRY--TOPICAL TERM | |
| Topical term or geographic name as entry element | B.Tech(CSE) |
| 942 ## - ADDED ENTRY ELEMENTS (KOHA) | |
| Source of classification or shelving scheme | Dewey Decimal Classification |
| Koha item type | Text Books |
| Withdrawn status | Lost status | Source of classification or shelving scheme | Damaged status | Not for loan | Collection code | Home library | Current library | Date acquired | Source of acquisition | Cost, normal purchase price | Bill Number | Total Checkouts | Full call number | Acc. no. / Barcode | Date last seen | Bill Date | Koha item type |
|---|---|---|---|---|---|---|---|---|---|---|---|---|---|---|---|---|---|
| Dewey Decimal Classification | B.Tech(CSE) | PIET C-LIBRARY | PIET C-LIBRARY | 09/08/2005 | UDH, Delhi | 200.00 | CM 4732 | 006.62 BOH | 1063 | 27/07/2022 | 22/08/2005 | Reference Books | |||||
| Dewey Decimal Classification | B.Tech(CSE) | PIET C-LIBRARY | PIET C-LIBRARY | 09/08/2005 | UDH, Delhi | 200.00 | CM 4732 | 006.62 BOH | 1064 | 04/12/2019 | 22/08/2005 | Text Books | |||||
| Dewey Decimal Classification | B.Tech(CSE) | PIET C-LIBRARY | PIET C-LIBRARY | 09/08/2005 | UDH, Delhi | 200.00 | CM 4732 | 006.62 BOH | 1065 | 04/12/2019 | 22/08/2005 | Text Books | |||||
| Dewey Decimal Classification | B.Tech(CSE) | PIET C-LIBRARY | PIET C-LIBRARY | 09/08/2005 | UDH, Delhi | 200.00 | CM 4732 | 006.62 BOH | 1066 | 04/12/2019 | 22/08/2005 | Text Books |